[Event "BCF-chT3 2224 (4NCL)"]
[Site "England"]
[Date "2023.11.12"]
[Round "2.55"]
[White "Smith, Richard W"]
[Black "Moldovan, Alexandru Mitic"]
[Result "0-1"]
[WhiteElo "1923"]
[BlackElo "1813"]
[PlyCount "34"]
[EventDate "2023.11.11"]
[EventType "team-tourn"]
[EventRounds "11"]
[EventCountry "ENG"]
[SourceTitle "CB48_2023"]
[SourceDate "2023.11.29"]
[SourceVersion "1"]
[SourceVersionDate "2023.11.29"]
[SourceQuality "1"]
[WhiteTeam "Poole Patzers"]
[BlackTeam "Wotton Hall"]
[WhiteTeamCountry "ENG"]
[BlackTeamCountry "ENG"]

1. e4 e5 2. Nf3 Nf6 3. Nxe5 Nc6 4. Nxc6 dxc6 5. Nc3 Bc5 6. h3 0-0 7. Be2 Qd4 8. 0-0 Nxe4 9. Nxe4 Qxe4 10. d3 Qg6 11. Bh5 Qf6 12. Qf3 Qh4 13. c3 g6 14. Bh6 Re8 15. Rfe1 Be6 16. Re5 Bd5 17. Qe2 Rxe5 0-1

[Event "BCF-chT3 2224 (4NCL)"]
[Site "England"]
[Date "2023.11.11"]
[Round "1.55"]
[White "Moldovan, Alexandru Mitic"]
[Black "Airlie, Arran"]
[Result "0-1"]
[WhiteElo "1813"]
[BlackElo "1898"]
[PlyCount "82"]
[EventDate "2023.11.11"]
[EventType "team-tourn"]
[EventRounds "11"]
[EventCountry "ENG"]
[SourceTitle "CB48_2023"]
[SourceDate "2023.11.29"]
[SourceVersion "1"]
[SourceVersionDate "2023.11.29"]
[SourceQuality "1"]
[WhiteTeam "Wotton Hall"]
[BlackTeam "Sussex Martlets II"]
[WhiteTeamCountry "ENG"]
[BlackTeamCountry "ENG"]

1. e4 c6 2. d4 d5 3. Nc3 dxe4 4. Nxe4 Nf6 5. Nxf6+ exf6 6. Be3 Bd6 7. Bd3 0-0 8. Qh5 g6 9. Qe2 Re8 10. 0-0-0 f5 11. Qd2 Be6 12. Kb1 Na6 13. a3 Nc7 14. c4 b5 15. c5 Be7 16. Ne2 Nd5 17. h4 b4 18. axb4 Rb8 19. b5 cxb5 20. g3 b4 21. Rc1 Qa5 22. Rc4 Nxe3 23. fxe3 Bxc4 24. Bxc4 Qa4 25. b3 Qc6 26. Rg1 Rbd8 27. Qc1 Qe4+ 28. Ka2 Bf8 29. g4 fxg4 30. Rg3 Bh6 31. Nf4 Bxf4 32. exf4 Qxd4 33. Rg1 Qd2+ 34. Kb1 Qxc1+ 35. Rxc1 Kg7 36. c6 Rc8 37. Ba6 Rc7 38. Rc4 g3 39. Rc2 Re1+ 40. Kb2 Rxc6 41. Bc4 Rf6 0-1

[Event "BCF-chT4 2223 (4NCL)"]
[Site "England"]
[Date "2023.03.26"]
[Round "8.54"]
[White "Neatherway, A Philip"]
[Black "Moldovan, Alexandru Mitic"]
[Result "0-1"]
[WhiteElo "1825"]
[BlackElo "1804"]
[PlyCount "74"]
[EventDate "2022.11.05"]
[EventType "team-swiss"]
[EventRounds "11"]
[EventCountry "ENG"]
[SourceTitle "EXT 2024"]
[Source "ChessBase"]
[SourceDate "2023.10.10"]
[SourceVersion "1"]
[SourceVersionDate "2023.10.10"]
[SourceQuality "1"]
[WhiteTeam "Oxford III"]
[BlackTeam "Wotton Hall"]
[WhiteTeamCountry "ENG"]
[BlackTeamCountry "ENG"]

1. e4 e5 2. Nf3 Nc6 3. d4 exd4 4. Nxd4 Bc5 5. Nb3 Bb6 6. Nc3 a6 7. Be2 Nge7 8. 0-0 0-0 9. Bg5 h6 10. Bh4 Qe8 11. Qd2 f5 12. Bc4+ Kh8 13. Bxe7 Nxe7 14. exf5 Nxf5 15. Rae1 Qg6 16. Kh1 c6 17. Bd3 d5 18. Ne2 Qg4 19. Ng3 Nxg3+ 20. fxg3 Bd7 21. Rf4 Rxf4 22. Qxf4 Qxf4 23. gxf4 Re8 24. Rxe8+ Bxe8 25. g3 c5 26. Bf1 c4 27. Nd2 Be3 28. Nf3 Bg6 29. b3 b5 30. a4 Bxc2 31. bxc4 bxc4 32. a5 Be4 33. Kg2 Bd2 34. Kf2 Bxa5 35. Ne5 Bb6+ 36. Ke1 a5 37. Kd2 Bg1 0-1

[Event "BCF-chT4 2223 (4NCL)"]
[Site "England"]
[Date "2023.01.08"]
[Round "4.65"]
[White "Woolgar, Steven G"]
[Black "Moldovan, Alexandru Mitic"]
[Result "0-1"]
[WhiteElo "1616"]
[BlackElo "1776"]
[PlyCount "64"]
[EventDate "2022.11.05"]
[EventType "team-swiss"]
[EventRounds "11"]
[EventCountry "ENG"]
[SourceTitle "EXT 2024"]
[Source "ChessBase"]
[SourceDate "2023.10.10"]
[SourceVersion "1"]
[SourceVersionDate "2023.10.10"]
[SourceQuality "1"]
[WhiteTeam "Coventry"]
[BlackTeam "Wotton Hall"]
[WhiteTeamCountry "ENG"]
[BlackTeamCountry "ENG"]

1. c4 e5 2. Nc3 f5 3. g3 Nf6 4. Bg2 Be7 5. d3 0-0 6. Nf3 Nc6 7. a3 h6 8. 0-0 d6 9. b3 Qe8 10. Nd5 Nxd5 11. cxd5 Nd8 12. Qc2 c5 13. dxc6 Nxc6 14. Bb2 Be6 15. b4 Rc8 16. Qd2 Bf6 17. Rfd1 Qg6 18. e3 h5 19. h4 f4 20. exf4 exf4 21. Bxf6 Rxf6 22. Kh2 fxg3+ 23. fxg3 Ne5 24. Nxe5 dxe5 25. Be4 Qf7 26. Kg1 Rf8 27. Qg2 Rf2 28. Qh1 Bg4 29. Re1 Qc7 30. Bd5+ Kh8 31. Qe4 Bf3 32. Qc4 Rg2+ 0-1